000 00611cam a2200217 i 4500
001 1354062
005 20250127094529.0
008 800314s1980 nyu b 001 0 eng
020 _a0070503702
050 0 0 _aHQ772
_b.P58
082 0 0 _a649/.1
100 1 _aPogrebin, Letty Cottin.
245 1 0 _aGrowing up free :
_braising your child in the 80's /
_cLetty Cottin Pogrebin.
260 _aNew York :
_bMcGraw-Hill,
_cc1980.
300 _axii, 641 p. ;
_c24 cm.
650 0 _aChild rearing.
650 0 _aSex role in children.
650 0 _aSexism.
650 0 _aAndrogyny (Psychology)
942 _2lcc
_cBK
_n0
999 _c3083
_d3083